| 000 | 00988nam a2200241 u 4500 | ||
|---|---|---|---|
| 005 | 20231118063626.0 | ||
| 008 | 190314s2003 r 000 0 eng d | ||
| 020 | _a9685710708 | ||
| 035 | _aUPN01000229617 | ||
| 049 | _aLTG | ||
| 050 | 4 |
_aLB2001 A1 _bP7.5 2003 |
|
| 245 | 0 | 0 |
_aPropósitos y contenidos de la educación preescolar : _bprograma y materiales de apoyo para el estudio : licenciatura en educación preescolar : primer semestre / _ccoord. Esteban Manteca Aguirre. |
| 250 | _a3a ed. | ||
| 260 |
_aMéxico : _bSEP, _c2003. |
||
| 300 | _a154 p. | ||
| 440 | 0 | _aPrograma para la Transformación y el Fortalecimiento Académicos de las Escuelas Normales | |
| 650 | 4 |
_aEducación normal _zMéxico _vPlanes y programas _912330 |
|
| 650 | 4 |
_aEDUCACION PREESCOLAR - _xFINES Y OBJETIVOS - _zMEXICO _918710 |
|
| 700 | 1 |
_aManteca Aguirre, Esteban, _ecoord _932675 |
|
| 710 | 1 |
_aMéxico. _bSubsecretaría de Educación Básica y Normal _927954 |
|
| 905 | _aLibro | ||
| 999 |
_c201712 _d201712 |
||